<?xml version="1.0" encoding="UTF-8"?>
<record
    xmlns:xsi="http://www.w3.org/2001/XMLSchema-instance"
    xsi:schemaLocation="http://www.loc.gov/MARC21/slim http://www.loc.gov/standards/marcxml/schema/MARC21slim.xsd"
    xmlns="http://www.loc.gov/MARC21/slim">

  <leader>01212nam a2200325 i 4500</leader>
  <controlfield tag="001">196932</controlfield>
  <controlfield tag="003">ItRI</controlfield>
  <controlfield tag="005">20250805063331.0</controlfield>
  <controlfield tag="008">210720s2020    xxu||||||    ||||| |||||c</controlfield>
  <datafield tag="020" ind1=" " ind2=" ">
    <subfield code="a">9781644230411</subfield>
  </datafield>
  <datafield tag="035" ind1=" " ind2=" ">
    <subfield code="a">IT\ICCU\TO0\2085114</subfield>
  </datafield>
  <datafield tag="040" ind1=" " ind2=" ">
    <subfield code="b">ita</subfield>
    <subfield code="c">ES-MaACL</subfield>
  </datafield>
  <datafield tag="041" ind1=" " ind2="7">
    <subfield code="2">ISO-639-2</subfield>
  </datafield>
  <datafield tag="082" ind1=" " ind2=" ">
    <subfield code="a">759.981</subfield>
    <subfield code="2">23</subfield>
  </datafield>
  <datafield tag="245" ind1="1" ind2="0">
    <subfield code="a">Lucas Arruda /</subfield>
    <subfield code="c">[textos de Barry Schwabsky, Will Chancellor].</subfield>
  </datafield>
  <datafield tag="246" ind1="1" ind2="3">
    <subfield code="a">Deserto-Modelo</subfield>
  </datafield>
  <datafield tag="260" ind1=" " ind2=" ">
    <subfield code="a">Nueva York :</subfield>
    <subfield code="b">David Zwirner,</subfield>
    <subfield code="c">2020.</subfield>
  </datafield>
  <datafield tag="300" ind1=" " ind2=" ">
    <subfield code="a">127 p&#xE1;ginas : </subfield>
    <subfield code="b">ilustrado a color ; </subfield>
    <subfield code="c">29 cm</subfield>
  </datafield>
  <datafield tag="500" ind1=" " ind2=" ">
    <subfield code="a">Exposici&#xF3;n en Londres en 2017 y en Nueva York en 2019</subfield>
  </datafield>
  <datafield tag="500" ind1=" " ind2=" ">
    <subfield code="a">T&#xED;tulo del colof&#xF3;n</subfield>
  </datafield>
  <datafield tag="655" ind1=" " ind2="7">
    <subfield code="2">tgfbne</subfield>
    <subfield code="9">193628</subfield>
    <subfield code="a">Cat&#xE1;logos de exposiciones</subfield>
  </datafield>
  <datafield tag="700" ind1="1" ind2=" ">
    <subfield code="a">Arruda, Lucas,</subfield>
    <subfield code="0">IT\ICCU\VEAV\499689</subfield>
    <subfield code="9">233973</subfield>
    <subfield code="d">1983-</subfield>
    <subfield code="e">art</subfield>
  </datafield>
  <datafield tag="700" ind1="1" ind2=" ">
    <subfield code="a">Chancellor, Will</subfield>
    <subfield code="0">IT\ICCU\RT1V\049550</subfield>
    <subfield code="9">241551</subfield>
    <subfield code="e">aut</subfield>
  </datafield>
  <datafield tag="700" ind1="1" ind2=" ">
    <subfield code="a">Schwabsky, Barry</subfield>
    <subfield code="0">IT\ICCU\VEAV\043232</subfield>
    <subfield code="9">241552</subfield>
    <subfield code="e">aut</subfield>
  </datafield>
  <datafield tag="852" ind1=" " ind2=" ">
    <subfield code="a">ES-MaACL</subfield>
    <subfield code="c">DEPOJ</subfield>
    <subfield code="j">N-10330</subfield>
    <subfield code="h">Donaci&#xF3;n: Editorial</subfield>
    <subfield code="x">Encuadernaci&#xF3;n carton&#xE9;</subfield>
    <subfield code="9">206455</subfield>
  </datafield>
  <datafield tag="942" ind1=" " ind2=" ">
    <subfield code="c">MONOGRAFIA</subfield>
    <subfield code="n">0</subfield>
  </datafield>
  <datafield tag="999" ind1=" " ind2=" ">
    <subfield code="c">196932</subfield>
    <subfield code="d">196932</subfield>
  </datafield>
  <datafield tag="952" ind1=" " ind2=" ">
    <subfield code="0">0</subfield>
    <subfield code="1">0</subfield>
    <subfield code="2">udc</subfield>
    <subfield code="4">0</subfield>
    <subfield code="7">0</subfield>
    <subfield code="a">ATENEOM</subfield>
    <subfield code="b">ATENEOM</subfield>
    <subfield code="c">DEPOJ</subfield>
    <subfield code="d">2025-08-03</subfield>
    <subfield code="e">DONACION</subfield>
    <subfield code="l">0</subfield>
    <subfield code="o">N-10330</subfield>
    <subfield code="p">2025-0833</subfield>
    <subfield code="r">2025-08-03 00:00:00</subfield>
    <subfield code="w">2025-08-03</subfield>
    <subfield code="y">MONOGRAFIA</subfield>
  </datafield>
</record>
